000 00419nam a22001457a 4500
999 _c513940
_d513940
008 200922b ||||| |||| 00| 0 eng d
100 _aSingh, Gurdeep
_917906
245 _aKhelo India Youth games: a springboard for Olympic gold
260 _aUniversity News
300 _a58(9), 02-08 Mar 2020 p. 3-8
650 _aYouth - India
_917839
773 _aUniversity News
906 _aSPORTS - INDIA
942 _cAR